[Event "Mindsports Masters IM A 2nd"]
[Site "London"]
[Date "2023.02.17"]
[Round "5.2"]
[White "Wadsworth, Matthew J"]
[Black "Fitzsimons, David"]
[Result "0-1"]
[WhiteElo "2469"]
[BlackElo "2342"]
[PlyCount "84"]
[EventDate "2023.02.15"]
[EventType "tourn"]
[EventRounds "9"]
[EventCountry "ENG"]

1. Nf3 d5 2. g3 Nf6 3. Bg2 e6 4. O-O Be7 5. c4 O-O 6. b3 d4 7. d3 c5 8. e4 dxe3
9. fxe3 Nc6 10. Bb2 Ng4 11. Qe2 Bf6 12. Nc3 Qa5 13. Rac1 Bd7 14. Ne1 e5 15. h3
Nh6 16. Rxf6 gxf6 17. Nd5 Kg7 18. Qh5 Qd2 19. Qh4 Ng8 20. Rb1 Bf5 21. Bc3 Qxa2
22. Rb2 Qa3 23. Rf2 Bg6 24. Nxf6 Qxb3 25. Bd2 Nce7 26. e4 Qb6 27. g4 Rad8 28.
g5 Nc6 29. Qg3 Qb1 30. Ng4 Rfe8 31. h4 a5 32. Nh6 a4 33. Qh3 Nxh6 34. gxh6+ Kh8
35. h5 Rd6 36. Qg3 a3 37. Bc3 a2 38. Rf1 a1=Q 39. Bxa1 Qxa1 40. Nf3 Qc3 41.
hxg6 Rxg6 42. Ng5 f6 0-1

[Event "Mindsports Masters IM A 2nd"]
[Site "London"]
[Date "2023.02.17"]
[Round "5.3"]
[White "Willow, Jonah B"]
[Black "Khandelwal, Ankush"]
[Result "1-0"]
[WhiteElo "2437"]
[BlackElo "2209"]
[PlyCount "78"]
[EventDate "2023.02.15"]
[EventType "tourn"]
[EventRounds "9"]
[EventCountry "ENG"]

1. e4 c5 2. Nf3 d6 3. d4 cxd4 4. Nxd4 Nf6 5. Nc3 a6 6. Bd3 e5 7. Nde2 Nc6 8.
O-O Be6 9. Kh1 Be7 10. f4 exf4 11. Nxf4 Ne5 12. Be3 O-O 13. a4 Rc8 14. a5 Nc4
15. Bxc4 Rxc4 16. Bd4 Qc8 17. Nfd5 Bxd5 18. Nxd5 Nxd5 19. exd5 f5 20. c3 Bf6
21. b3 Rc7 22. c4 Rcf7 23. Ra2 f4 24. Raf2 g5 25. Qd3 Qg4 26. b4 Qh4 27. c5 g4
28. Rxf4 Bxd4 29. g3 Rxf4 30. Rxf4 Qe7 31. Qxd4 Rxf4 32. gxf4 Qe2 33. Kg1 Qe1+
34. Kg2 Qe2+ 35. Qf2 Qe4+ 36. Kg3 Qxb4 37. Kxg4 Qxa5 38. Kf5 dxc5 39. d6 Kf7
1-0

[Event "Mindsports Masters IM A 2nd"]
[Site "London"]
[Date "2023.02.17"]
[Round "5.4"]
[White "Derakhshani, Borna"]
[Black "Willems, Niels"]
[Result "1/2-1/2"]
[WhiteElo "2380"]
[BlackElo "2311"]
[PlyCount "68"]
[EventDate "2023.02.15"]
[EventType "tourn"]
[EventRounds "9"]
[EventCountry "ENG"]

1. e4 c5 2. Nf3 d6 3. d4 cxd4 4. Nxd4 Nf6 5. Nc3 a6 6. Be2 e5 7. Nb3 Be7 8. Be3
Be6 9. Nd5 Nbd7 10. Qd3 Bxd5 11. exd5 O-O 12. O-O h5 13. h3 g6 14. a4 Nh7 15.
a5 Bg5 16. Nd2 Bxe3 17. fxe3 f5 18. b4 Kg7 19. c4 Rc8 20. Nb3 Qh4 21. Kh2 Ng5
22. Qc3 Ne4 23. Qe1 Qg5 24. Bd3 Ndf6 25. Bxe4 Nxe4 26. Rc1 f4 27. Rf3 Qh6 28.
Nd2 Nxd2 29. Qxd2 fxe3 30. Qxe3 Qxe3 31. Rxe3 Rf4 32. Rec3 Rd4 33. Kg3 Kf6 34.
Rf1+ Kg7 1/2-1/2

[Event "Mindsports Masters IM A 2nd"]
[Site "London"]
[Date "2023.02.17"]
[Round "5.5"]
[White "Johnson, Daniel"]
[Black "Stoica, Savas Marin"]
[Result "0-1"]
[WhiteElo "2189"]
[BlackElo "2151"]
[PlyCount "90"]
[EventDate "2023.02.15"]
[EventType "tourn"]
[EventRounds "9"]
[EventCountry "ENG"]

1. d4 Nf6 2. c4 g6 3. f3 d5 4. cxd5 Nxd5 5. e4 Nb6 6. Nc3 Bg7 7. Be3 O-O 8. Qd2
e5 9. d5 c6 10. O-O-O cxd5 11. exd5 N8d7 12. h4 Nf6 13. h5 Bd7 14. hxg6 fxg6
15. Kb1 Rc8 16. Nh3 e4 17. Bd4 exf3 18. gxf3 Na4 19. Ng5 Nxc3+ 20. Bxc3 Bf5+
21. Kc1 Qa5 22. Bh3 Bxh3 23. Rxh3 Nh5 24. Ne4 Qxa2 25. Qg5 Nf4 26. Rh2 Bxc3 27.
Nxc3 Rxc3+ 28. bxc3 Qxh2 29. Rd2 Qh1+ 30. Kc2 Qxf3 31. d6 Qe4+ 32. Kb2 Qe3 33.
Kc2 h6 34. Qb5 Qe4+ 35. Kb2 Rf5 36. Qb3+ Kg7 37. d7 Nd3+ 38. Ka2 Ra5+ 39. Kb1
Nc5+ 40. Kb2 Nd3+ 41. Kb1 Ne5+ 42. Kb2 Nc4+ 43. Qxc4 Qxc4 44. d8=Q Ra2+ 45. Kb1
Qb3+ 0-1

[Event "Mindsports Masters IM A 2nd"]
[Site "London"]
[Date "2023.02.18"]
[Round "6.1"]
[White "Makkar, Rajat"]
[Black "Stoica, Savas Marin"]
[Result "1-0"]
[WhiteElo "2426"]
[BlackElo "2151"]
[PlyCount "71"]
[EventDate "2023.02.15"]
[EventType "tourn"]
[EventRounds "9"]
[EventCountry "ENG"]

1. Nf3 Nf6 2. c4 e6 3. Nc3 c5 4. e3 Nc6 5. d4 d5 6. a3 dxc4 7. Bxc4 a6 8. O-O
Be7 9. dxc5 Qxd1 10. Rxd1 Bxc5 11. b4 Be7 12. Bb2 b5 13. Nxb5 axb5 14. Bxb5 Bd7
15. Rxd7 Nxd7 16. Bxc6 O-O-O 17. Bxg7 Rhg8 18. Bd4 Kb8 19. e4 Nf8 20. b5 Ng6
21. Bb6 Rd3 22. a4 Bf6 23. Rb1 Ra3 24. Bc5 Rd3 25. Ne1 Rd2 26. a5 Ne5 27. Be3
Ra2 28. Bf4 Ka7 29. b6+ Ka6 30. Bb5+ Kxa5 31. b7 Rb8 32. Bf1 Nd7 33. Bc7+ Ka4
34. Bb5+ Ka3 35. Bd6+ Nc5 36. Bxc5# 1-0

[Event "Mindsports Masters IM A 2nd"]
[Site "London"]
[Date "2023.02.18"]
[Round "6.2"]
[White "Willems, Niels"]
[Black "Johnson, Daniel"]
[Result "1/2-1/2"]
[WhiteElo "2311"]
[BlackElo "2189"]
[PlyCount "171"]
[EventDate "2023.02.15"]
[EventType "tourn"]
[EventRounds "9"]
[EventCountry "ENG"]

1. c4 e6 2. Nc3 d5 3. e3 Nf6 4. Nf3 b6 5. cxd5 exd5 6. g3 Bb7 7. Bg2 Nbd7 8.
O-O g6 9. b3 Bg7 10. Ba3 c5 11. d4 O-O 12. Rc1 Re8 13. dxc5 bxc5 14. Na4 Ba6
15. Re1 c4 16. Bf1 Rc8 17. Bb2 Bb5 18. Nc3 Bc6 19. Ne2 Ba8 20. Bd4 Qa5 21. Qd2
Qa3 22. Qb2 Qxb2 23. Bxb2 Ne4 24. Ned4 Ne5 25. Nxe5 Bxe5 26. Red1 Rb8 27. Ba1
Bxd4 28. Bxd4 cxb3 29. axb3 Rxb3 30. Rc7 Ra3 31. Rdc1 Rb3 32. Rxa7 Rb7 33. Ra5
Nd6 34. g4 Nc4 35. Ra2 Rbb8 36. Bg2 Nd6 37. Ra5 Ne4 38. Ra6 Rec8 39. Rca1 Bc6
40. Bf1 Bd7 41. h3 Nd2 42. Rd6 Be6 43. Bg2 Ne4 44. Rda6 Rc2 45. Ra8 Rcc8 46.
R8a2 Nc3 47. Rc2 Ne4 48. Rca2 Nc3 49. Bxc3 Rxc3 50. Rd2 Rc5 51. Rad1 Rbb5 52.
Rd4 g5 53. f4 f6 54. R1d2 Kf8 55. Kf2 Rc4 56. Bf1 Rxd4 57. Rxd4 Rb2+ 58. Kf3
Ke7 59. Be2 Kd6 60. Ra4 Rb3 61. Ra6+ Ke7 62. Ra4 Kd6 63. Ra6+ Ke7 64. Bd1 Rc3
65. Ra7+ Kd6 66. Ra6+ Ke7 67. Ra7+ Kd6 68. Ra6+ Ke7 69. f5 Bd7 70. Ra7 Kd6 71.
Ba4 Bxa4 72. Rxa4 Ke5 73. Ra8 Kd6 74. Rf8 Ke7 75. Rh8 d4 76. Rxh7+ Kd6 77. Ke4
dxe3 78. Kf3 e2+ 79. Kxe2 Ke5 80. Re7+ Kf4 81. Re6 Rxh3 82. Rxf6 Kxg4 83. Rf8
Rf3 84. f6 Kg3 85. Rg8 Rxf6 86. Rxg5+ 1/2-1/2

[Event "Mindsports Masters IM A 2nd"]
[Site "London"]
[Date "2023.02.18"]
[Round "6.3"]
[White "Khandelwal, Ankush"]
[Black "Derakhshani, Borna"]
[Result "1/2-1/2"]
[WhiteElo "2209"]
[BlackElo "2380"]
[PlyCount "29"]
[EventDate "2023.02.15"]
[EventType "tourn"]
[EventRounds "9"]
[EventCountry "ENG"]

1. e4 c5 2. Nf3 Nc6 3. d4 cxd4 4. Nxd4 e5 5. Nb5 d6 6. c4 Be6 7. Bd3 g6 8. O-O
a6 9. N5c3 Bg7 10. Nd5 Nf6 11. Nbc3 Bxd5 12. Nxd5 Nxd5 13. cxd5 Nd4 14. Be3 O-O
15. Bxd4 1/2-1/2

[Event "Mindsports Masters IM A 2nd"]
[Site "London"]
[Date "2023.02.18"]
[Round "6.4"]
[White "Fitzsimons, David"]
[Black "Willow, Jonah B"]
[Result "0-1"]
[WhiteElo "2342"]
[BlackElo "2437"]
[PlyCount "54"]
[EventDate "2023.02.15"]
[EventType "tourn"]
[EventRounds "9"]
[EventCountry "ENG"]

1. e4 c5 2. c3 d5 3. exd5 Qxd5 4. d4 Nf6 5. Nf3 e6 6. Na3 Nc6 7. Be3 cxd4 8.
Nb5 Qd8 9. Nbxd4 Nd5 10. Nxc6 bxc6 11. Bd2 Bb7 12. Qc2 Qc7 13. g3 Be7 14. O-O-O
O-O 15. Ng5 Bxg5 16. Bxg5 c5 17. Be2 Qe5 18. Qd2 h6 19. Bh4 Nxc3 20. bxc3 Bxh1
21. Rxh1 g5 22. f4 Qe4 23. Rd1 Rab8 24. Bd3 Qa4 25. Qe3 Qxa2 26. Bc2 Qb2+ 27.
Kd2 Rfd8+ 0-1

[Event "Mindsports Masters IM A 2nd"]
[Site "London"]
[Date "2023.02.18"]
[Round "6.5"]
[White "Onslow, Alfie"]
[Black "Wadsworth, Matthew J"]
[Result "0-1"]
[WhiteElo "2171"]
[BlackElo "2469"]
[PlyCount "138"]
[EventDate "2023.02.15"]
[EventType "tourn"]
[EventRounds "9"]
[EventCountry "ENG"]

1. e4 c5 2. Nf3 e6 3. g3 Nc6 4. Bg2 Nf6 5. Nc3 e5 6. d3 d6 7. Bg5 Be7 8. Bxf6
Bxf6 9. Nd2 Be6 10. Nc4 Qd7 11. Ne3 Bg5 12. a4 Bxe3 13. fxe3 h5 14. h3 h4 15.
g4 Ne7 16. Qf3 Ng6 17. Qf2 O-O 18. O-O Rfc8 19. b3 Qe7 20. Nd5 Qd8 21. Qd2 b6
22. c3 a6 23. Rfd1 b5 24. a5 Ra7 25. Rf1 Qg5 26. Rf3 Ne7 27. Nb6 Rf8 28. c4 b4
29. Rf2 Nc6 30. Nd5 f6 31. Qe2 g6 32. Kh1 Raf7 33. Bf3 Kh8 34. Rg2 Qh6 35. Kh2
Bxd5 36. cxd5 Na7 37. Rag1 Qg5 38. Qe1 Nb5 39. Bd1 Nc3 40. Qf2 Rb8 41. Bc2 Nb5
42. Rc1 Kg7 43. Bd1 Na3 44. Be2 Rb5 45. d4 exd4 46. Bxb5 dxe3 47. Qf3 Nxb5 48.
Re1 Nd4 49. Qxe3 Qxe3 50. Rxe3 Rb7 51. g5 fxg5 52. Rxg5 Kf6 53. Rg2 Rb5 54. Ra2
Ke5 55. Kg2 Kf4 56. Kf2 g5 57. Ra4 Rb8 58. Ra2 Re8 59. Ra1 Rxe4 60. Rg1 Rxe3
61. Rg4+ Kf5 62. Kxe3 Nxb3 63. Re4 Nxa5 64. Kd3 c4+ 65. Kd4 Nb3+ 66. Ke3 c3 67.
Rc4 a5 68. Kd3 Nc5+ 69. Kd4 Kf4 0-1

[Event "Mindsports Masters IM A 2nd"]
[Site "London"]
[Date "2023.02.18"]
[Round "7.1"]
[White "Wadsworth, Matthew J"]
[Black "Makkar, Rajat"]
[Result "1/2-1/2"]
[WhiteElo "2469"]
[BlackElo "2426"]
[PlyCount "57"]
[EventDate "2023.02.15"]
[EventType "tourn"]
[EventRounds "9"]
[EventCountry "ENG"]

1. c4 e5 2. g3 Nf6 3. Bg2 c6 4. Nf3 e4 5. Nd4 d5 6. cxd5 Qxd5 7. e3 Bc5 8. d3
Bxd4 9. dxe4 Nxe4 10. exd4 Qa5+ 11. Nd2 Nxd2 12. Bxd2 Qa6 13. Bf1 Qb6 14. Qe2+
Be6 15. Bh3 Qa6 16. Bxe6 Qxe2+ 17. Kxe2 fxe6 18. Rhe1 Nd7 19. Kf1 Kf7 20. Re3
Rhe8 21. Rb3 Nb6 22. Ba5 Re7 23. Bxb6 axb6 24. Rxb6 Ra4 25. Ke2 Rxd4 26. Rc1
Ke8 27. Rc3 Kd8 28. Rd3 Rd5 29. Re3 1/2-1/2

[Event "Mindsports Masters IM A 2nd"]
[Site "London"]
[Date "2023.02.18"]
[Round "7.2"]
[White "Willow, Jonah B"]
[Black "Onslow, Alfie"]
[Result "1-0"]
[WhiteElo "2437"]
[BlackElo "2171"]
[PlyCount "125"]
[EventDate "2023.02.15"]
[EventType "tourn"]
[EventRounds "9"]
[EventCountry "ENG"]

1. e4 c6 2. Nf3 d5 3. Nc3 dxe4 4. Nxe4 Nf6 5. Qe2 Nxe4 6. Qxe4 Nd7 7. d4 Nf6 8.
Qf4 Qa5+ 9. Bd2 Qf5 10. Bd3 Qxf4 11. Bxf4 Bg4 12. Ne5 Bh5 13. a4 e6 14. a5 Rc8
15. a6 b6 16. c3 Be7 17. O-O O-O 18. b4 Nd5 19. Bd2 Bd6 20. Nc4 Bf4 21. Be1
Rfd8 22. g3 Bf3 23. h3 Bc7 24. Nd2 Bh5 25. Nb3 Bf3 26. c4 Ne7 27. Bc3 c5 28.
bxc5 bxc5 29. Nxc5 Nc6 30. Nb7 Rd7 31. d5 Ne5 32. Bxe5 Bxe5 33. Ra3 Bd4 34. Re1
Re7 35. d6 Rd7 36. c5 Bc6 37. Rb1 g6 38. Bb5 Bxb5 39. Rxb5 Rc6 40. Kg2 e5 41.
f4 f6 42. Kf3 Kf7 43. fxe5 fxe5 44. Ke4 Ke6 45. Rf3 Rxa6 46. Na5 Rd8 47. h4 Rc8
48. c6 Kxd6 49. Rd5+ Ke6 50. Nb7 Raxc6 51. Nd8+ Ke7 52. Nxc6+ Rxc6 53. Rb5 Rc7
54. Rb8 Ke6 55. Rbf8 Rc1 56. R3f6+ Ke7 57. R8f7+ Ke8 58. Rxh7 Re1+ 59. Kd5 Ra1
60. Rxg6 Kf8 61. Rc6 Kg8 62. Rd7 Rf1 63. h5 1-0

[Event "Mindsports Masters IM A 2nd"]
[Site "London"]
[Date "2023.02.18"]
[Round "7.3"]
[White "Derakhshani, Borna"]
[Black "Fitzsimons, David"]
[Result "0-1"]
[WhiteElo "2380"]
[BlackElo "2342"]
[PlyCount "72"]
[EventDate "2023.02.15"]
[EventType "tourn"]
[EventRounds "9"]
[EventCountry "ENG"]

1. Nf3 d5 2. g3 c5 3. Bg2 Nc6 4. d4 e6 5. O-O Nf6 6. e3 Be7 7. dxc5 Bxc5 8. b3
O-O 9. Bb2 Qe7 10. Qe2 e5 11. h3 h6 12. a3 Bf5 13. b4 Bd6 14. Rd1 Rac8 15. Nh4
Bh7 16. Bxd5 Nxd5 17. Rxd5 Nd4 18. exd4 Rxc2 19. Nd2 Rxb2 20. dxe5 Bc7 21. Qg4
Qe6 22. Qxe6 fxe6 23. Rd7 Bb6 24. Rf1 Ra2 25. Ng2 Rxa3 26. Nf4 Rf7 27. Rxf7
Kxf7 28. Kg2 Rc3 29. Rd1 Rc2 30. Kf3 g5 31. Nh5 Rc3+ 32. Ke2 Bc2 33. Ra1 Bd3+
34. Ke1 Rc2 35. Rd1 Bd4 36. f4 Bc3 0-1

[Event "Mindsports Masters IM A 2nd"]
[Site "London"]
[Date "2023.02.18"]
[Round "7.4"]
[White "Johnson, Daniel"]
[Black "Khandelwal, Ankush"]
[Result "1-0"]
[WhiteElo "2189"]
[BlackElo "2209"]
[PlyCount "103"]
[EventDate "2023.02.15"]
[EventType "tourn"]
[EventRounds "9"]
[EventCountry "ENG"]

1. d4 Nf6 2. c4 g6 3. f3 Bg7 4. e4 d6 5. Nc3 O-O 6. Nge2 Nbd7 7. Be3 a6 8. Qd2
b5 9. cxb5 axb5 10. Nxb5 c6 11. Nbc3 e5 12. Rd1 d5 13. exd5 Nxd5 14. Nxd5 cxd5
15. dxe5 Nxe5 16. Nc3 Re8 17. Be2 Nc4 18. Bxc4 Qh4+ 19. g3 Qxc4 20. Kf2 d4 21.
Bxd4 Rd8 22. Ne2 Ra4 23. b3 Bxd4+ 24. Kg2 Qe6 25. Nf4 Qf5 26. bxa4 g5 27. g4
Qxf4 28. Qxf4 gxf4 29. Rd2 Bb7 30. Rhd1 Re8 31. Rxd4 Re2+ 32. Kf1 Rxh2 33. Rxf4
Rh1+ 34. Ke2 Ba6+ 35. Kd2 Rh2+ 36. Kc3 Rxa2 37. Rd8+ Kg7 38. Rd7 Be2 39. Rd2
Ra3+ 40. Kb2 Rxf3 41. Rxf3 Bxf3 42. a5 Bxg4 43. Rg2 h5 44. a6 Kh6 45. Rxg4 hxg4
46. a7 f5 47. a8=Q Kg5 48. Kc3 f4 49. Qe4 f3 50. Qe5+ Kh4 51. Qh2+ Kg5 52. Qg3
1-0

[Event "Mindsports Masters IM A 2nd"]
[Site "London"]
[Date "2023.02.18"]
[Round "7.5"]
[White "Stoica, Savas Marin"]
[Black "Willems, Niels"]
[Result "1/2-1/2"]
[WhiteElo "2151"]
[BlackElo "2311"]
[PlyCount "74"]
[EventDate "2023.02.15"]
[EventType "tourn"]
[EventRounds "9"]
[EventCountry "ENG"]

1. Nf3 Nf6 2. b3 b6 3. Bb2 Bb7 4. g3 c5 5. Bg2 e6 6. c4 Be7 7. O-O O-O 8. Nc3
d5 9. e3 dxc4 10. bxc4 Nc6 11. Qe2 Nb4 12. d4 cxd4 13. exd4 Rc8 14. Rfd1 Qc7
15. a3 Na6 16. Ne5 Bxg2 17. Kxg2 Nd7 18. Nb5 Qb7+ 19. Kg1 Rfd8 20. Ng4 Nf6 21.
d5 exd5 22. Nxf6+ Bxf6 23. Bxf6 gxf6 24. Qg4+ Kf8 25. Qf5 Kg7 26. Rd4 Rxc4 27.
Rad1 Rxd4 28. Rxd4 Qd7 29. Rg4+ Kf8 30. Qxf6 Qxg4 31. Qxd8+ Kg7 32. Qxd5 Nc5
33. Qe5+ f6 34. Qe7+ Kg6 35. Qe8+ Kg7 36. Qe7+ Kg6 37. Qe8+ Kg7 1/2-1/2

[Event "Mindsports Masters IM A 2nd"]
[Site "London"]
[Date "2023.02.19"]
[Round "8.1"]
[White "Makkar, Rajat"]
[Black "Willems, Niels"]
[Result "1-0"]
[WhiteElo "2426"]
[BlackElo "2311"]
[PlyCount "115"]
[EventDate "2023.02.15"]
[EventType "tourn"]
[EventRounds "9"]
[EventCountry "ENG"]

1. e4 c5 2. Nf3 d6 3. Bb5+ Nd7 4. d4 cxd4 5. Nxd4 Ngf6 6. O-O a6 7. Bd3 e5 8.
Nf5 Nc5 9. Nc3 Ncxe4 10. Bxe4 Nxe4 11. Nxg7+ Bxg7 12. Nxe4 d5 13. Bg5 f6 14.
Qh5+ Ke7 15. Rad1 Qe8 16. Nxf6 Bxf6 17. Bxf6+ Kxf6 18. Qh4+ Kg7 19. Qg5+ Qg6
20. Qxe5+ Qf6 21. Qxd5 Rf8 22. Rd3 Bf5 23. Rf3 Rf7 24. Re1 Rd8 25. Qa5 Rdf8 26.
Re5 Qd8 27. Qc3 Kg8 28. Re1 Bg6 29. Rxf7 Rxf7 30. h4 Qf6 31. Qg3 Qf4 32. Re8+
Kg7 33. Qxf4 Rxf4 34. Re7+ Rf7 35. Re2 Kh6 36. Kh2 Rf4 37. Kg3 Rg4+ 38. Kxg4
Bh5+ 39. Kf5 Bxe2 40. g4 Kg7 41. f4 Kf7 42. g5 Bd1 43. c4 Bc2+ 44. Ke5 Kg6 45.
b4 Bd3 46. c5 Kh5 47. f5 Kxh4 48. Kf6 Kg4 49. g6 hxg6 50. fxg6 Kh5 51. g7 Bc4
52. a4 Kh6 53. b5 axb5 54. axb5 Kh7 55. c6 bxc6 56. b6 Ba6 57. Kf7 Bc4+ 58. Kf8
1-0

[Event "Mindsports Masters IM A 2nd"]
[Site "London"]
[Date "2023.02.19"]
[Round "8.2"]
[White "Khandelwal, Ankush"]
[Black "Stoica, Savas Marin"]
[Result "1-0"]
[WhiteElo "2209"]
[BlackElo "2151"]
[PlyCount "55"]
[EventDate "2023.02.15"]
[EventType "tourn"]
[EventRounds "9"]
[EventCountry "ENG"]

1. e4 c5 2. Nf3 d6 3. d4 cxd4 4. Nxd4 Nf6 5. Nc3 a6 6. a3 e5 7. Nf5 Bxf5 8.
exf5 d5 9. Bg5 d4 10. Bxf6 gxf6 11. Ne4 Nd7 12. Bd3 Qa5+ 13. b4 Qd5 14. O-O Rc8
15. Qh5 Bg7 16. c4 dxc3 17. Rfd1 O-O 18. Bc2 Qc6 19. Rd6 Qc7 20. Rad1 Rfd8 21.
Bb3 Nf8 22. Rxd8 c2 23. Rxf8+ Rxf8 24. Rc1 Qc6 25. Qe2 Rd8 26. f3 Qb6+ 27. Kf1
Qd4 28. Qxc2 1-0

[Event "Mindsports Masters IM A 2nd"]
[Site "London"]
[Date "2023.02.19"]
[Round "8.3"]
[White "Fitzsimons, David"]
[Black "Johnson, Daniel"]
[Result "1-0"]
[WhiteElo "2342"]
[BlackElo "2189"]
[PlyCount "69"]
[EventDate "2023.02.15"]
[EventType "tourn"]
[EventRounds "9"]
[EventCountry "ENG"]

1. e4 e5 2. Nf3 Nc6 3. Bb5 a6 4. Bc4 Nf6 5. O-O b5 6. Bb3 Bc5 7. a4 Rb8 8. c3
d6 9. d4 Bb6 10. a5 Ba7 11. h3 O-O 12. Be3 exd4 13. cxd4 Nxe4 14. Qc2 Qe8 15.
Nc3 Nf6 16. Rfe1 Qd7 17. Ne4 Nxe4 18. Qxe4 Ne7 19. Ng5 Ng6 20. Rac1 c5 21. dxc5
Bxc5 22. Nxf7 Rxf7 23. Bxc5 Bb7 24. Qd3 d5 25. Bc2 Qd8 26. Re6 d4 27. Rce1 Qg5
28. Qg3 Qxc5 29. Qxb8+ Rf8 30. Bb3 Bd5 31. Bxd5 Qxd5 32. Qd6 Qg5 33. Re8 Qd2
34. Rxf8+ Nxf8 35. Re8 1-0

[Event "Mindsports Masters IM A 2nd"]
[Site "London"]
[Date "2023.02.19"]
[Round "8.4"]
[White "Onslow, Alfie"]
[Black "Derakhshani, Borna"]
[Result "1/2-1/2"]
[WhiteElo "2171"]
[BlackElo "2380"]
[PlyCount "64"]
[EventDate "2023.02.15"]
[EventType "tourn"]
[EventRounds "9"]
[EventCountry "ENG"]

1. e4 c6 2. d4 d5 3. e5 Bf5 4. Nf3 e6 5. Be2 Nd7 6. O-O a5 7. Re1 a4 8. Nbd2 h6
9. Nf1 Ne7 10. Bd2 Bh7 11. Bb4 Qb6 12. Qd2 c5 13. dxc5 Nxc5 14. Bxc5 Qxc5 15.
b4 Qb6 16. a3 Nc6 17. Ne3 Rd8 18. Bd3 Be4 19. Qe2 Bxf3 20. gxf3 Be7 21. f4 g5
22. f5 Nxe5 23. fxe6 fxe6 24. Qh5+ Kf8 25. Ng4 Nxg4 26. Qxg4 Rd6 27. c4 dxc4
28. Bxc4 Qd4 29. Qxd4 Rxd4 30. Bxe6 Bf6 31. Rac1 Bd8 32. Red1 Rxd1+ 1/2-1/2

[Event "Mindsports Masters IM A 2nd"]
[Site "London"]
[Date "2023.02.19"]
[Round "9.2"]
[White "Derakhshani, Borna"]
[Black "Wadsworth, Matthew J"]
[Result "1/2-1/2"]
[WhiteElo "2380"]
[BlackElo "2469"]
[PlyCount "22"]
[EventDate "2023.02.15"]
[EventType "tourn"]
[EventRounds "9"]
[EventCountry "ENG"]

1. d4 d5 2. c4 c6 3. cxd5 cxd5 4. Nc3 Nf6 5. Nf3 Nc6 6. Bf4 Bf5 7. e3 e6 8. Qb3
Bb4 9. Bb5 O-O 10. Bxc6 Bxc3+ 11. bxc3 bxc6 1/2-1/2

[Event "Mindsports Masters IM A 2nd"]
[Site "London"]
[Date "2023.02.19"]
[Round "9.3"]
[White "Johnson, Daniel"]
[Black "Onslow, Alfie"]
[Result "1-0"]
[WhiteElo "2189"]
[BlackElo "2171"]
[PlyCount "51"]
[EventDate "2023.02.15"]
[EventType "tourn"]
[EventRounds "9"]
[EventCountry "ENG"]

1. d4 Nf6 2. Nc3 d5 3. Bf4 c5 4. e4 dxe4 5. dxc5 Qa5 6. Qd2 Qxc5 7. O-O-O Nbd7
8. Be3 Qc6 9. Bb5 Qc7 10. Nd5 Nxd5 11. Qxd5 e6 12. Qxe4 a6 13. Ba4 Be7 14. Bf4
Qb6 15. Nf3 Qa7 16. Be3 Qb8 17. Bb6 Bd6 18. Qd4 Ke7 19. Bxd7 Bxd7 20. Qxg7 Rg8
21. Qxh7 Rxg2 22. Rhe1 Bc6 23. Nd4 Bf4+ 24. Kb1 Rg5 25. Rxe6+ Kf8 26. Bc5+ 1-0

[Event "Mindsports Masters IM A 2nd"]
[Site "London"]
[Date "2023.02.19"]
[Round "9.4"]
[White "Stoica, Savas Marin"]
[Black "Fitzsimons, David"]
[Result "1-0"]
[WhiteElo "2151"]
[BlackElo "2342"]
[PlyCount "143"]
[EventDate "2023.02.15"]
[EventType "tourn"]
[EventRounds "9"]
[EventCountry "ENG"]

1. d4 Nf6 2. c4 e6 3. Nc3 Bb4 4. f3 d5 5. a3 Bxc3+ 6. bxc3 O-O 7. cxd5 exd5 8.
e3 c5 9. Bd3 b6 10. Ne2 Ba6 11. O-O Re8 12. Ng3 Bxd3 13. Qxd3 Nc6 14. Bb2 h5
15. Rad1 cxd4 16. cxd4 Rc8 17. Rfe1 Ne7 18. e4 h4 19. Nf1 dxe4 20. fxe4 Ng6 21.
Nd2 Qd7 22. d5 Nh5 23. Rc1 Rxc1 24. Rxc1 Nhf4 25. Qf1 f6 26. h3 f5 27. Qc4 Rd8
28. d6+ Kh8 29. e5 b5 30. Qf1 Qb7 31. Nf3 a6 32. Ng5 Kg8 33. Kh2 Qd5 34. Qf3
Qxf3 35. Nxf3 Nd3 36. Rc2 Nxb2 37. Rxb2 Re8 38. d7 Rd8 39. e6 Kf8 40. Nd4 Ne7
41. g3 g6 42. gxh4 Kg7 43. Kg3 Kf6 44. Re2 Rb8 45. Nb3 Nc6 46. Rc2 Kxe6 47.
Rxc6+ Kxd7 48. Rxg6 Rc8 49. Kf4 Rc3 50. Rg3 Rc4+ 51. Kxf5 Rxh4 52. Nc5+ Kd6 53.
Nxa6 Rh8 54. Kg4 Rg8+ 55. Kf3 Ra8 56. h4 Ke5 57. Rg6 Kf5 58. Rb6 Ke5 59. Rxb5+
Kd4 60. Rb6 Rf8+ 61. Kg4 Rg8+ 62. Kf5 Rh8 63. Rd6+ Kc4 64. Kg5 Kb5 65. h5 Rg8+
66. Rg6 Rd8 67. Nc7+ Ka4 68. Ra6+ Kb3 69. h6 Rd7 70. Ne6 Kc4 71. a4 Kb4 72. Kg6
1-0

[Event "Mindsports Masters IM A 2nd"]
[Site "London"]
[Date "2023.02.19"]
[Round "9.5"]
[White "Willems, Niels"]
[Black "Khandelwal, Ankush"]
[Result "0-1"]
[WhiteElo "2311"]
[BlackElo "2209"]
[PlyCount "120"]
[EventDate "2023.02.15"]
[EventType "tourn"]
[EventRounds "9"]
[EventCountry "ENG"]

1. c4 Nf6 2. Nc3 g6 3. g3 Bg7 4. Bg2 O-O 5. e4 d6 6. Nge2 c5 7. O-O Nc6 8. a3
Rb8 9. b4 cxb4 10. axb4 Nxb4 11. Rxa7 Nd3 12. Qb3 Nd7 13. Ra3 N7c5 14. Qc2 Bg4
15. h3 Bd7 16. Nd5 e6 17. Ne3 Nxc1 18. Rxc1 b5 19. cxb5 Bxb5 20. d4 Bxe2 21.
Qxe2 Bxd4 22. Rd1 Rb2 23. Qc4 e5 24. Rxd4 exd4 25. Qxd4 Rb1+ 26. Kh2 Ne6 27.
Qd2 Qb6 28. Rd3 Rd8 29. Ng4 Qb2 30. Qh6 Qg7 31. Rf3 Nd4 32. Rd3 Ne6 33. Re3
Qxh6 34. Nxh6+ Kg7 35. Ng4 h5 36. Nf6 Nd4 37. Rd3 Kxf6 38. Rxd4 Rb2 39. Kg1 Ke7
40. Rd3 Rc8 41. Rf3 Rc1+ 42. Kh2 Rcc2 43. Kg1 Re2 44. Rf4 g5 45. Rf5 f6 46. Kf1
Rec2 47. Kg1 Rc1+ 48. Kh2 Rc5 49. Rf3 g4 50. hxg4 hxg4 51. Rf4 Rh5+ 52. Kg1
Rb1+ 53. Bf1 Ra5 54. f3 gxf3 55. Rxf3 Re1 56. Rf4 Ra4 57. e5 Rxf4 58. exd6+
Kxd6 59. gxf4 Kd5 60. Kf2 Rxf1+ 0-1

[Event "Mindsports Masters IM B 2nd"]
[Site "London"]
[Date "2023.02.15"]
[Round "1.1"]
[White "Gourlay, Iain"]
[Black "Durak, Can"]
[Result "1-0"]
[WhiteElo "2295"]
[BlackElo "2350"]
[PlyCount "55"]
[EventDate "2023.02.15"]
[EventType "tourn"]
[EventRounds "9"]
[EventCountry "ENG"]

1. e4 e5 2. Nf3 Nc6 3. Bb5 a6 4. Ba4 Nf6 5. d3 b5 6. Bb3 Bc5 7. Nc3 d6 8. Nd5
h6 9. c3 Rb8 10. d4 Ba7 11. Be3 Nxd5 12. Bxd5 Bd7 13. Qd2 Qe7 14. O-O exd4 15.
cxd4 Nd8 16. Rfe1 Bg4 17. e5 Kf8 18. Bf4 Ne6 19. exd6 cxd6 20. Bg3 Kg8 21. Rac1
Bxf3 22. Bxf3 Qf6 23. Bxd6 Rd8 24. Be5 Nxd4 25. Bxd4 Bxd4 26. Rc6 Rd6 27. Rxd6
Qxd6 28. Rd1 1-0

[Event "Mindsports Masters IM B 2nd"]
[Site "London"]
[Date "2023.02.15"]
[Round "1.3"]
[White "Browning, Alex"]
[Black "Buckley, Graeme N"]
[Result "1-0"]
[WhiteElo "2313"]
[BlackElo "2344"]
[PlyCount "95"]
[EventDate "2023.02.15"]
[EventType "tourn"]
[EventRounds "9"]
[EventCountry "ENG"]

1. c4 c5 2. g3 e6 3. Bg2 d5 4. Nf3 Nc6 5. O-O Nf6 6. cxd5 exd5 7. d4 Be7 8. Nc3
O-O 9. Bg5 cxd4 10. Nxd4 h6 11. Bf4 Bg4 12. h3 Be6 13. Rc1 Rc8 14. Be3 Bd6 15.
Ncb5 Bb8 16. Nxc6 Rxc6 17. Rxc6 bxc6 18. Nd4 Bd7 19. Qc2 Qe8 20. Nf3 Ne4 21.
Bd4 Qe7 22. Nd2 Ng5 23. h4 Nh3+ 24. Kh1 Qxe2 25. Qd1 Re8 26. Nb3 Qxd1 27. Rxd1
Re2 28. Rd2 Re1+ 29. Kh2 Nf4 30. Bf3 Ne6 31. Be3 f5 32. Rc2 f4 33. Bd2 fxg3+
34. fxg3 Re5 35. Bc3 Re3 36. Kg2 c5 37. Kf2 d4 38. Ba5 Re5 39. Nd2 Rf5 40. Kg2
h5 41. b4 cxb4 42. Bxb4 g5 43. Bc6 Bxc6+ 44. Rxc6 Kf7 45. Bd6 Bxd6 46. Rxd6 Ra5
47. Nc4 g4 48. Nxa5 1-0